Selected stories / (Record no. 48269)

MARC details
000 -LEADER
fixed length control field 01993cam a2200337 a 4500
005 - DATE AND TIME OF LATEST TRANSACTION
control field 20031230185550.0
008 - FIXED-LENGTH DATA ELEMENTS--GENERAL INFORMATION
fixed length control field 940308s1993 enkab b 001 0 eng
010 ## - LCCN (DPL NO)
LC control number ENG-101662 B-425286-291
020 ## - INTERNATIONAL STANDARD BOOK NUMBER
Terms of availability 295.00
International Standard Book Number 9788184000498
035 ## - SYSTEM CONTROL NUMBER
System control number EN-85195 B-425856-291
037 ## - SOURCE OF ACQUISITION
Source of stock number/acquisition RBC/VEN
040 ## - CATALOGING SOURCE
Original cataloging agency dpl
Language of cataloging Eng
082 ## - DEWEY DECIMAL CLASSIFICATION NUMBER
Classification number S
100 1# - MAIN ENTRY--PERSONAL NAME
9 (RLIN) 22405
Personal name Manto, Saadat Hasan
245 10 - TITLE STATEMENT
Title Selected stories /
Statement of responsibility, etc by Saadat Hasan Manto; translated by Aatish Taseer
260 ## - PUBLICATION, DISTRIBUTION, ETC. (IMPRINT)
Place of publication, distribution, etc Noida
Name of publisher, distributor, etc Random House India
Date of publication, distribution, etc 2008
270 ## - ADDRESS
Address Mind Mill Corporate Tower, 2nd Floor, Plot No 24A Sector 16A,
City Noida
Postal code 201301
300 1# - PHYSICAL DESCRIPTION
Extent xxxiii,136p.
Dimensions 20cm (Hb)
650 #0 - SUBJECT ADDED ENTRY--TOPICAL TERM
9 (RLIN) 22448
651 ## - SUBJECT ADDED ENTRY--GEOGRAPHIC NAME
9 (RLIN) 22481
700 ## - ADDED ENTRY--PERSONAL NAME
9 (RLIN) 22431
Personal name Taseer, Aatish
942 ## - ADDED ENTRY ELEMENTS (KOHA)
Source of classification or shelving scheme Dewey Decimal Classification
Item type English Books
Call number suffix MAN
Classification part S
Holdings
Withdrawn status Lost status Source of classification or shelving scheme Damaged status Not for loan Collection code Home library Current library Date acquired Source of acquisition Cost, normal purchase price Total Checkouts Full call number Barcode Date last seen Copy number Cost, replacement price Koha item type Total Renewals
    Dewey Decimal Classification     Fiction Bawana Bawana 18/04/2011 RBc/22493/23.3.11/76/4.3.11/25.3.11 295.00 1 S MAN B-425290 28/10/2022 1 295.00 English Books  
    Dewey Decimal Classification     Fiction Central Library Central Library 18/04/2011 RBc/22493/23.3.11/76/4.3.11/25.3.11 295.00 7 S MAN B-425286 02/11/2024 2 295.00 English Books  
    Dewey Decimal Classification     Fiction Central Library Central Library 18/04/2011 RBc/22493/23.3.11/76/4.3.11/25.3.11 295.00 4 S MAN B-425287 24/04/2023 2 295.00 English Books 2
    Dewey Decimal Classification   Not For Loan Fiction D.B.Act.Division D.B.Act.Division 07/10/2010 DBAD/PUB 295.00   S MAN EN-85195 07/10/2010 1 295.00 English Books  
    Dewey Decimal Classification     Fiction Patel Nagar Patel Nagar 18/04/2011 RBc/22493/23.3.11/76/4.3.11/25.3.11 295.00 2 S MAN B-425288 24/09/2021 1 295.00 English Books 2
  Written-off vide DLB M. No. 383 dt 16.05.19 Dewey Decimal Classification     Fiction Sarojini Nagar Sarojini Nagar 18/04/2011 RBc/22493/23.3.11/76/4.3.11/25.3.11 295.00   S MAN B-425289 18/04/2011 1 295.00 English Books  
    Dewey Decimal Classification     Fiction Shahdara Branch Shahdara Branch 18/04/2011 RBc/22493/23.3.11/76/4.3.11/25.3.11 295.00 7 S MAN B-425291 16/05/2023 1 295.00 English Books 2

© Delhi Public Library
Hit Counter
free hit counter